000 00533nam a2200217Ia 4500
999 _c49587
_d49587
003 0100
005 20180228115757.0
008 130303s9999 xx 000 0 und d
040 _cARRUPELIB
050 _aDT779.7.C3 1959
100 _aCarter, Gwendolen Margaret
_939751
245 4 _aThe politics of inequality:
_bSouth Africa since 1948 /
260 _aNew York
_bPraeger
_c1959
300 _a535p.
300 _b26cm.
440 _aBooks that matter
_939752
650 _aPolitic and government
_zSouth Africa
_939753
942 _2lcc
_cMONOGRAPH